Practical statistics for data scientists : (Record no. 28233)
[ view plain ]
| 000 -LEADER | |
|---|---|
| fixed length control field | 01462cam a22003495i 4500 |
| 001 - CONTROL NUMBER | |
| control field | 20182357 |
| 003 - CONTROL NUMBER IDENTIFIER | |
| control field | EG-ScBUE |
| 005 - DATE AND TIME OF LATEST TRANSACTION | |
| control field | 20200304152709.0 |
| 008 - FIXED-LENGTH DATA ELEMENTS--GENERAL INFORMATION | |
| fixed length control field | 171211s2018 cc a f b 001 0 eng d |
| 020 ## - INTERNATIONAL STANDARD BOOK NUMBER | |
| International Standard Book Number | 9781491952962 |
| 035 ## - SYSTEM CONTROL NUMBER | |
| System control number | (OCoLC)ocn936003166 |
| 040 ## - CATALOGING SOURCE | |
| Original cataloging agency | BTCTA |
| Language of cataloging | eng |
| Description conventions | rda |
| Transcribing agency | BTCTA |
| Modifying agency | YDXCP |
| -- | BDX |
| -- | ZQP |
| -- | SINLB |
| -- | TEF |
| -- | JRZ |
| -- | OUP |
| -- | CHVBK |
| -- | OCLCO |
| -- | DLC |
| -- | EG-ScBUE |
| 082 04 - DEWEY DECIMAL CLASSIFICATION NUMBER | |
| Classification number | 001.422 |
| Item number | BRU |
| Edition number | 22 |
| 100 1# - MAIN ENTRY--PERSONAL NAME | |
| Personal name | Bruce, Peter C., |
| Dates associated with a name | 1953- |
| Relator term | author. |
| 245 10 - TITLE STATEMENT | |
| Title | Practical statistics for data scientists : |
| Remainder of title | 50 essential concepts / |
| Statement of responsibility, etc | Peter Bruce and Andrew Bruce. |
| 250 ## - EDITION STATEMENT | |
| Edition statement | First edition. |
| 250 ## - EDITION STATEMENT | |
| Edition statement | Third release. |
| 264 #1 - PUBLICATION, DISTRIBUTION, ETC. (IMPRINT) | |
| Place of publication, distribution, etc | Beijing ; |
| -- | Sebastopol, CA : |
| Name of publisher, distributor, etc | O'Reilly, |
| Date of publication, distribution, etc | 2018. |
| 300 ## - PHYSICAL DESCRIPTION | |
| Extent | xvi, 298 pages : |
| Other physical details | illustrations ; |
| Dimensions | 24 cm |
| 336 ## - CONTENT TYPE | |
| Content type term | text |
| Content type code | txt |
| Source | rdacontent |
| 337 ## - MEDIA TYPE | |
| Media type term | unmediated |
| Media type code | n |
| Source | rdamedia |
| 338 ## - CARRIER TYPE | |
| Carrier type term | volume |
| Carrier type code | nc |
| Source | rdacarrier |
| 504 ## - BIBLIOGRAPHY, ETC. NOTE | |
| Bibliography, etc | Includes bibliographical references and index. |
| 505 0# - FORMATTED CONTENTS NOTE | |
| Formatted contents note | Exploratory data analysis -- Data and sampling distributions -- Statistical experiments and significance testing -- Regression and prediction -- Classification -- Statistical machine learning -- Unsupervised learning. |
| 650 #7 - SUBJECT ADDED ENTRY--TOPICAL TERM | |
| Topical term or geographic name as entry element | Mathematical analysis |
| General subdivision | Statistical methods. |
| Source of heading or term | BUEsh |
| 650 #7 - SUBJECT ADDED ENTRY--TOPICAL TERM | |
| Topical term or geographic name as entry element | Quantitative research |
| General subdivision | Statistical methods. |
| Source of heading or term | BUEsh |
| 650 #7 - SUBJECT ADDED ENTRY--TOPICAL TERM | |
| Topical term or geographic name as entry element | Big data |
| General subdivision | Mathematics. |
| Source of heading or term | BUEsh |
| 653 ## - INDEX TERM--UNCONTROLLED | |
| Resource For college | Informatics and Computer Science |
| Arrived date list | March2020 |
| 655 ## - INDEX TERM--GENRE/FORM | |
| Form subdivision | Text book |
| 9 (RLIN) | 33728 |
| 700 1# - ADDED ENTRY--PERSONAL NAME | |
| Personal name | Bruce, Andrew, |
| Dates associated with a name | 1958- |
| Relator term | author. |
| 942 ## - ADDED ENTRY ELEMENTS (KOHA) | |
| Source of classification or shelving scheme | Dewey Decimal Classification |
| Koha item type | Book - Borrowing |
| Withdrawn status | Lost status | Source of classification or shelving scheme | Damaged status | Not for loan | Collection code | Home library | Current library | Shelving location | Date acquired | Source of acquisition | Total Checkouts | Full call number | Barcode | Date last seen | Price effective from | Koha item type |
|---|---|---|---|---|---|---|---|---|---|---|---|---|---|---|---|---|
| Dewey Decimal Classification | Baccah | Central Library | Central Library | Lower Floor | 04/03/2020 | Purchase | 001.422 BRU | 000048881 | 15/07/2025 | 04/03/2020 | NB - Book (Non borrowing) | |||||
| Dewey Decimal Classification | Baccah | Central Library | Central Library | Lower Floor | 04/03/2020 | Purchase | 001.422 BRU | 000048882 | 15/07/2025 | 04/03/2020 | NB - Book (Non borrowing) | |||||
| Dewey Decimal Classification | Baccah | Central Library | Central Library | Lower Floor | 04/03/2020 | Purchase | 001.422 BRU | 000048883 | 15/07/2025 | 04/03/2020 | Book - Borrowing | |||||
| Dewey Decimal Classification | Baccah | Central Library | Central Library | Lower Floor | 04/03/2020 | Purchase | 001.422 BRU | 000048884 | 15/07/2025 | 04/03/2020 | Book - Borrowing | |||||
| Dewey Decimal Classification | Baccah | Central Library | Central Library | Lower Floor | 04/03/2020 | Purchase | 001.422 BRU | 000048885 | 15/07/2025 | 04/03/2020 | Book - Borrowing |